000 00319nam a2200133 i 4500
001 bg
100 1 _aŁĄCZKOWSKI, A.
245 0 _aŻelbetowe konstrukcje prętowe.
_nCz. 1 /
_cA. Łączkowski.
260 _aOpole,
_c1987.
040 _cBPK
041 _apol
942 _cKS
008 s pl f |000 0 pol
999 _c3554
_d3554
856 _uhttp://koha.tu.koszalin.pl/cgi-bin/koha/opac-detail.pl?biblionumber=3554
_yKatalog online BPK